Vista normal Vista MARC

Entrada Materia (personas)

Número de registros utilizados en: 1

001 - CONTROL NUMBER

  • control field: 65587

003 - CONTROL NUMBER IDENTIFIER

  • control field: Co-BoUCM

005 - DATE AND TIME OF LATEST TRANSACTION

  • control field: 20141027095438.0

008 - FIXED-LENGTH DATA ELEMENTS

  • fixed length control field: 141027|| aca||aabn | a|a d

040 ## - CATALOGING SOURCE

  • Original cataloging agency: Co-BoUCM
  • Transcribing agency: Co-BoUCM

100 ## - HEADING--PERSONAL NAME

  • Personal name: Bianco, José
  • Dates associated with a name: 1870-1935

670 ## - SOURCE DATA FOUND

  • Source citation: Work cat.: (Co-BoUCM): Bianco, José 1870-1935, Don Bernardo de Irigoyen, 1927